Nghiên cứu điều chế chitosan từ chitin vỏ ghẹ và ứng dụng làm phụ gia mạ kẽm điện hóa
Nghiên cứu điều chế CTS từ chitin tách từ vỏ ghẹ phế liệu chế biến thuỷ sản với hiệu quả và mức độ deacetyl cao. Nghiên cứu ứng dụng CTS để tạo lớp phủ mạ composite Zn-CTS trên thép bằng phương pháp điện hoá.
Đã lưu trong:
| Tác giả chính: | |
|---|---|
| Tác giả khác: | |
| Định dạng: | Sách |
| Ngôn ngữ: | Vietnamese |
| Được phát hành: |
Đà Nẵng
Đại học Đà Nẵng
2013
|
| Những chủ đề: | |
| Các nhãn: |
Thêm thẻ
Không có thẻ, Là người đầu tiên thẻ bản ghi này!
|
| Thư viện lưu trữ: | Mạng thư viện Đại học Đà Nẵng |
|---|
| LEADER | 01863nam a2200373 4500 | ||
|---|---|---|---|
| 001 | 000019184 | ||
| 003 | 15619 | ||
| 005 | 20140331140341.0 | ||
| 008 | 140331s2013 viesd | ||
| 041 | |a vie | ||
| 082 | 1 | 4 | |a 664.022 |b CH-T |
| 100 | |a Chu Văn Tài | ||
| 245 | |a Nghiên cứu điều chế chitosan từ chitin vỏ ghẹ và ứng dụng làm phụ gia mạ kẽm điện hóa |c Chu Văn Tài ; Lê Tự Hải hướng dẫn. |k Luận văn Thạc sĩ | ||
| 260 | |a Đà Nẵng |b Đại học Đà Nẵng |c 2013 | ||
| 300 | |a 78 tr., phụ lục 5 tr. |c 29 cm. |e Tóm tắt | ||
| 500 | |a Luận văn thạc sĩ Khoa học. Chuyên ngành : Hóa hữu cơ. Mã số: 60.44.27. | ||
| 520 | |a Nghiên cứu điều chế CTS từ chitin tách từ vỏ ghẹ phế liệu chế biến thuỷ sản với hiệu quả và mức độ deacetyl cao. Nghiên cứu ứng dụng CTS để tạo lớp phủ mạ composite Zn-CTS trên thép bằng phương pháp điện hoá. | ||
| 650 | 0 | 4 | |a Vỏ ghẹ |v Luận văn tốt nghiệp |x Nghiên cứu |x Điều chế Chitosan |
| 650 | 0 | 4 | |a Vỏ ghẹ |v Luận văn tốt nghiệp |x Điều chế Chitosan |x Phụ gia mạ kẽm điện hóa |
| 653 | |a Hóa hữu cơ | ||
| 653 | |a Phụ gia mạ kẽm điện hóa | ||
| 653 | |a Điều chế Chitosan | ||
| 653 | |a Vỏ ghẹ | ||
| 700 | |a Lê Tự Hải |c PGS.TS |e Hướng dẫn | ||
| OWN | |a LSP | ||
| AVA | |a UDN50 |b LSP |d 664.022 CH-T |e available |t Error 5001 Not defined in file expand_doc_bib_avail. |f 1 |g 0 |h N |i 0 |k 1 | ||
| 999 | |a From the UDN01 | ||
| AVA | |a UDN50 |b LSP |d 664.022 CH-T |e available |t Error 5001 Not defined in file expand_doc_bib_avail. |f 1 |g 0 |h N |i 0 |k 1 | ||
| TYP | |a Monograph | ||
| TYP | |a Printed language | ||
| 980 | |a Mạng thư viện Đại học Đà Nẵng | ||